000 00625nab#a2200217#c#4500
999 _c87995
_d87995
003 IEF
005 20191205174140.0
008 950704s1976 uuu|| #####0 b| |u
040 _aIEF
_cES-MaIEF
100 1 _aSoler Amaro, Ramón
_941804
245 _aEl sistema integrado de información tributaria y la experiencia italiana
_c Ramón Soler Amaro
260 _c1976
500 _aConclusiones
650 4 _aAUTOMATIZACION
_932253
650 4 _aITALIA
_947518
650 4 _946896
_aINFORMACION TRIBUTARIA
773 0 _tHacienda pública española
_w34570
_g40, p. 67-79
942 _2udc
942 _2udc